LIBRARY & INFORMATION CENTRE, KCAET, TAVANUR

ONLINE PUBLIC ACCESS CATALOGUE (OPAC)

Biomass briquetting and utilzation (Record no. 14861)

MARC details
000 -LEADER
fixed length control field 00330nam a22001337a 4500
082 ## - DEWEY DECIMAL CLASSIFICATION NUMBER
Classification number 665.776
Item number SRI/BI
100 ## - MAIN ENTRY--AUTHOR NAME
Personal name Srivastava PK
245 ## - TITLE STATEMENT
Title Biomass briquetting and utilzation
260 ## - PUBLICATION, DISTRIBUTION, ETC. (IMPRINT)
Place of publication New Delhi
Name of publisher Jain Brothers
Year of publication 1995
300 ## - PHYSICAL DESCRIPTION
Number of Pages 152
700 ## - ADDED ENTRY--PERSONAL NAME
Personal name Maheshwari, R.C
700 ## - ADDED ENTRY--PERSONAL NAME
Personal name Ojha, T.P
942 ## - ADDED ENTRY ELEMENTS (KOHA)
Koha item type Books
Holdings
Withdrawn status Lost status Damaged status Collection code Home library Current library Shelving location Date acquired Source of acquisition Cost, normal purchase price Full call number Accession Number Koha item type
        KAUAET KAUAET General Stacks 30/03/2017 Vigyan Books, Delhi 120.00 665.776 SRI/BI 25329 Books
        KAUAET KAUAET General Stacks 30/03/2017 Vigyan Books, Delhi 120.00 665.776 SRI/BI 25330 Books
free website counter